<?xml version="1.0" encoding="UTF-8"?>
<collection xmlns="http://www.loc.gov/MARC21/slim">
 <record>
  <leader>02171nam a2200229Ia 4500</leader>
  <controlfield tag="001">CTU_237592</controlfield>
  <controlfield tag="008">210402s9999    xx            000 0 und d</controlfield>
  <datafield tag="082" ind1=" " ind2=" ">
   <subfield code="a">639.31</subfield>
  </datafield>
  <datafield tag="082" ind1=" " ind2=" ">
   <subfield code="b">N738</subfield>
  </datafield>
  <datafield tag="100" ind1=" " ind2=" ">
   <subfield code="a">Njihia,  Dedan Karanja</subfield>
  </datafield>
  <datafield tag="245" ind1=" " ind2="0">
   <subfield code="a">Evaluating growth and survival performance of G2 crossbreeds from two strains of bighead catfish (Clarias macrocephalus) :</subfield>
  </datafield>
  <datafield tag="245" ind1=" " ind2="0">
   <subfield code="b">Graduate thesis. Major:  Aquaculture</subfield>
  </datafield>
  <datafield tag="245" ind1=" " ind2="0">
   <subfield code="c">Dedan Karanja Njihia ; Duong Thuy yen, Pham Thanh Liem (Co-Supervisor)</subfield>
  </datafield>
  <datafield tag="260" ind1=" " ind2=" ">
   <subfield code="a">Can Tho</subfield>
  </datafield>
  <datafield tag="260" ind1=" " ind2=" ">
   <subfield code="b">Can Tho University</subfield>
  </datafield>
  <datafield tag="260" ind1=" " ind2=" ">
   <subfield code="c">2020</subfield>
  </datafield>
  <datafield tag="520" ind1=" " ind2=" ">
   <subfield code="a">The development of bighead catfish (C. macrocephalus) aquaculture in Vietnam has been constrained by the reduced growth performance in the domesticated strain. A study on the intra-specific hybridization of C. macrocephalus and its reciprocal crosses was carried out to evaluate their breeding and offspring growth and survival performance. Pure strains of C. macrocephalus (wild Ca Mau, CM, and domesticated Can Tho, CT) and their reciprocals were reproduced artificially through induced  breeding whereby 6 mating combinations were generated. Results showed that pure domesticated strain (G0-CT) had a significantly higher fertilization rate (94.2%) and hatchability (80.1%) than the other groups (P&lt;0.05). After 40 days of larval rearing, the  two best-growth groups included ♀CM × ♂CT crossbreds (bodyweight of 1114.1 mg and length of 4.55cm) and pure crossbred line CTCM (1050 mg and 4.51cm, respectively), significantly different from the other groups. The CTCM group was recorded the highest survival rate (37.8%) while GO-CT was the lowest (27.2%); however, no difference was shown for survival performance (P&gt;0.05).  The outcome of the study showed heterosis in the crossbred CTCM and thus there is indeed the possibility of improving the growth and survival performance of bighead catfish in  the Mekong Delta  through intraspecific crossbreeding between CM and CT strains.</subfield>
  </datafield>
  <datafield tag="650" ind1=" " ind2=" ">
   <subfield code="a">Cá nước ngọt,Freshwater fishes</subfield>
  </datafield>
  <datafield tag="904" ind1=" " ind2=" ">
   <subfield code="i">Tuyến</subfield>
  </datafield>
  <datafield tag="910" ind1=" " ind2=" ">
   <subfield code="b">tvtrong</subfield>
  </datafield>
  <datafield tag="910" ind1=" " ind2=" ">
   <subfield code="c">tvtrong,tvtrong</subfield>
  </datafield>
  <datafield tag="980" ind1=" " ind2=" ">
   <subfield code="a">Trung tâm Học liệu Trường Đại học Cần Thơ</subfield>
  </datafield>
 </record>
</collection>
